| 000 | 00586nam a22002177a 4500 | ||
|---|---|---|---|
| 005 | 20150410143946.0 | ||
| 008 | 150410b xxu||||| |||| 00| 0 eng d | ||
| 020 |
_a9789381329030 _c180.00 |
||
| 040 | _aLoreto College | ||
| 041 | _aEnglish | ||
| 082 |
_a891.44 _bCHA |
||
| 100 | _aChattopadhyay,Kuntal | ||
| 245 |
_aSahityer rup riti o onnanya prasanga _cKuntal Chattopadhyay |
||
| 250 | _a5th rev.& enl.ed | ||
| 260 |
_aKoljata _bRatnabali _c2012 |
||
| 300 |
_a455p _b22cm |
||
| 504 | _aIncludes index | ||
| 650 | _aBengali literature-History | ||
| 850 | _aLCLIB | ||
| 942 | _cBK | ||
| 999 |
_c39915 _d90394 |
||